000 00230nam a2200097Ia 4500
001 1221137
005 20250827092823.0
008 250824s9999 xx 000 0 und d
245 0 _aTEPKİ
_cSTEPHEN KING
260 _bALTIN KİTAPLAR
999 _c1221137
_d1221137